| 000 | 00743nam a2200205 a 4500 | ||
|---|---|---|---|
| 001 | 1867 | ||
| 005 | 20140414131851.0 | ||
| 008 | 010531s19uu xx 00 eng d | ||
| 020 | _a0-7502-0161-4 | ||
| 050 |
_aM 623.8 _bH18 1991 |
||
| 100 | _aHamilton-MacLaren, Alistair | ||
| 245 |
_aWater transport / _cAlistair Hamilton-MacLaren. |
||
| 260 |
_aEngland : _bWayland, _c1991. |
||
| 300 | _a48 p. : ill. ; cm. | ||
| 440 | _aExploring Technology | ||
| 500 | _aIncludes index | ||
| 520 | _aThis book traces the development of water craft from the first dug-out canoes to modern high-speed powerboats. The technology behind the different craft is examined too, from paddle power to nuclear power. | ||
| 650 | _aWater. | ||
| 999 |
_c110198 _d110198 |
||